| 000 | 00662nam a22002297a 4500 | ||
|---|---|---|---|
| 005 | 20260420105127.0 | ||
| 008 | 260420b |||||||| |||| 00| 0 eng d | ||
| 020 |
_a978-81-203-3284-3 _cRs.895.00 |
||
| 040 | _aLoreto College | ||
| 041 | _aEnglish | ||
| 082 |
_a371.9 _bMAN |
||
| 100 | _aMangal,S.K. | ||
| 245 |
_aEducating exceptional children _bAn introduction tospecial education |
||
| 260 |
_aDelhi _bPHI Learning _c2023 |
||
| 300 | _a584p.;24cm. | ||
| 504 | _aIncludes glossary, name and subject index | ||
| 650 | _aEducation | ||
| 650 | _aExceptional children | ||
| 650 | _aSpecial education | ||
| 850 | _aLCLIB | ||
| 942 | _cBK | ||
| 999 |
_c44333 _d94812 |
||